[Event "TCh-RUS HL"]
[Site "Sochi RUS"]
[Date "2007.05.09"]
[Round "7"]
[White "Gutov,A"]
[Black "Kositsin,S"]
[Result "1/2-1/2"]
[WhiteElo "2466"]
[BlackElo "2411"]

1.d4 Nf6 2.c4 g6 3.Nc3 Bg7 4.e4 d6 5.Be2 O-O 6.Nf3 e5 7.O-O Na6 8.Be3 Ng4
9.Bg5 f6 10.Bh4 g5 11.Bg3 Nh6 12.d5 f5 13.exf5 Nxf5 14.Nd2 Nd4 15.Nde4 Nxe2+
16.Qxe2 g4 17.f3 h5 18.fxg4 Bxg4 19.Qe3 Qe7 20.Rxf8+ Rxf8 21.h3 Bc8 22.Rf1 Rxf1+
23.Kxf1 b6 24.Qf3 Qf7 25.Qxf7+ Kxf7 26.Ke2 Bf5 27.Kf3 Nb4 28.Nb5 Nc2 29.Bf2 Nd4+
30.Nxd4 exd4 31.g4 hxg4+ 32.hxg4 Bxe4+ 33.Kxe4 Kg6 34.b4 Kg5 35.Kf3 Be5 36.a4 d3
37.Be3+ Kh4 38.Bd2 Bf6 39.Ke4 Kxg4 40.Kxd3 Kf5 41.Be1 a6 42.Bf2 Be7 43.Bg3 Kg4
44.Be1 Kf5 45.Bf2 Bd8 46.Bg1 Bf6  1/2-1/2

[Event "FSGM May"]
[Site "Budapest HUN"]
[Date "2007.05.10"]
[Round "6"]
[White "Koons,N"]
[Black "Ilincic,Z"]
[Result "0-1"]
[WhiteElo "2289"]
[BlackElo "2488"]

1.c4 Nf6 2.Nf3 g6 3.Nc3 Bg7 4.d4 O-O 5.e4 d6 6.Be2 e5 7.O-O Nh5 8.Bg5 f6
9.Be3 Nc6 10.c5 Nf4 11.Bxf4 exf4 12.cxd6 cxd6 13.Re1 Kh8 14.h3 f5 15.exf5 Bxf5
16.Qd2 g5 17.d5 Ne5 18.Nb5 Nxf3+ 19.Bxf3 Qb6 20.Nc3 Rac8 21.Be4 Be5 22.Bxf5 Rxf5
23.Ne4 Rg8 24.Rac1 h5 25.Rc3 g4 26.Rb3 Qd8 27.Qd3 Rf7 28.Nc5 Qa5 29.Rxe5 dxe5
30.Rc3 Qxa2 31.Qe4 Qa1+ 32.Kh2 g3+ 33.fxg3 fxg3+ 34.Rxg3 Rxg3 35.Kxg3 Qxb2
36.Ne6 Qf2+ 37.Kh2 Qf5 38.Qa4 Kh7 39.Qe8 Kh6 40.d6 e4 41.d7 Qe5+ 42.Kg1 Qa1+
43.Kh2 Rf1 44.d8=Q Qe5+  0-1

[Event "TCh-RUS HL"]
[Site "Sochi RUS"]
[Date "2007.05.11"]
[Round "9"]
[White "Kljucharev,S"]
[Black "Moiseenko,V RUS"]
[Result "0-1"]
[WhiteElo "2314"]
[BlackElo "2404"]

1.Nf3 Nf6 2.c4 g6 3.Nc3 Bg7 4.e4 d6 5.d4 O-O 6.Be2 e5 7.d5 a5 8.Be3 Na6 9.Nd2 Nc5
10.a3 Kh8 11.b4 axb4 12.axb4 Rxa1 13.Qxa1 Na6 14.Qa3 Ng4 15.Bxg4 Bxg4 16.c5 Bc8
17.h4 Bf6 18.cxd6 Qxd6 19.Na2 Be7 20.Qc3 c6 21.Nc4 Qxb4 22.Nxb4 Bxb4 23.Qxb4 Nxb4
24.Kd2 cxd5 25.Bc5 Rg8 26.Nxe5 f6 27.Bxb4 fxe5 28.exd5 Rd8 29.d6 e4 30.h5 Kg7
31.h6+ Kf6 32.Ke3 Bd7 33.Kxe4 Bc6+ 34.Kd4 Bxg2 35.Re1 Bc6 36.Re7 Rd7 37.Re3 Rd8
38.Kc5 Re8 39.Bc3+ Kf7 40.Be5 Ke6 41.f4 Kd7 42.Rg3 Rf8 43.Ra3 Rg8 44.Rg3 Rf8
45.Kd4 Rf5 46.Ra3 Rf8 47.Ra7 Re8 48.Ra1 Rf8 49.Ra3 Re8 50.f5 g5 51.Rg3 Rg8
52.Rg1 g4 53.Ke3 b5 54.Kf4 g3 55.Bg7 g2 56.Rd1 Bd5 57.Ke5 Bc4 58.Rg1 Rc8
59.Kf4 Bf1 60.Kg5 Kxd6 61.Kf6 Kd7 62.Kf7 Rc1 63.Kf8 b4 64.Bf6 b3 65.Kg7 Ke8  0-1

[Event "ch-UZB"]
[Site "Tashkent UZB"]
[Date "2007.05.11"]
[Round "1"]
[White "Barsov,A"]
[Black "Safin,S"]
[Result "1/2-1/2"]
[WhiteElo "2521"]
[BlackElo "2490"]

1.d4 Nf6 2.c4 g6 3.Nc3 Bg7 4.e4 d6 5.Nf3 O-O 6.Be2 Na6 7.O-O e5 8.Re1 Qe8
9.Bf1 Bg4 10.d5 Nb4 11.Be2 a5 12.a3 Na6 13.Nd2 Bxe2 14.Rxe2 Bh6 15.Nb3 Bxc1
16.Nxc1  1/2-1/2

[Event "25th Liechtenstein Open"]
[Site "Triesen LIE"]
[Date "2007.05.12"]
[Round "2"]
[White "Puliti,A"]
[Black "Seps,M"]
[Result "0-1"]
[WhiteElo "1907"]
[BlackElo "2265"]

1.d4 Nf6 2.c4 g6 3.Nc3 Bg7 4.e4 d6 5.Nf3 O-O 6.Be2 e5 7.d5 a5 8.h3 Na6 9.Be3 Nh5
10.O-O Nf4 11.Bxf4 exf4 12.Qd2 Qf6 13.Rab1 Nc5 14.Bd3 Re8 15.Rfe1 h5 16.Nb5 Re7
17.Bc2 g5 18.Nfd4 Qh6 19.Nf5 Bxf5 20.exf5 Be5 21.Nc3 g4 22.Kh1 Qf6 23.f3 Qh4
24.Rg1 Kh8 25.Qe1 Qf6 26.Be4 Bd4 27.Qd2 Be3 28.Qe2 Bxg1 29.Rxg1 Rg8 30.Qd2 Qg5
31.Qf2 gxh3 32.gxh3 Qxg1+ 33.Qxg1 Rxg1+ 34.Kxg1 Kg7 35.a3 Kf6 36.b4 axb4
37.axb4 Nxe4 38.fxe4 Ke5  0-1

[Event "Grand Prix Open"]
[Site "Galatzi ROM"]
[Date "2007.05.14"]
[Round "8"]
[White "Grigore,Ge"]
[Black "Nemeth,F"]
[Result "1/2-1/2"]
[WhiteElo "2517"]
[BlackElo "2430"]

1.d4 g6 2.c4 Nf6 3.Nc3 Bg7 4.Nf3 d6 5.e4 O-O 6.Be2 Na6 7.O-O e5 8.Re1 c6
9.d5 c5 10.Bg5 Kh8 11.Nd2 Rg8 12.a3 Qf8 13.Bxf6 Bxf6 14.Bg4 Be7 15.Bxc8 Qxc8
16.Rb1 Qd7 17.Nf3 Bd8 18.b4 Bb6 19.Re2 Rgc8 20.Qd3 Kg7 21.Reb2 h6 22.Ne2 Bd8
23.Nc1 Bf6  1/2-1/2

[Event "25th Liechtenstein Open"]
[Site "Triesen LIE"]
[Date "2007.05.14"]
[Round "4"]
[White "Likavsky,T"]
[Black "Bezler,R"]
[Result "1/2-1/2"]
[WhiteElo "2485"]
[BlackElo "2216"]

1.d4 Nf6 2.c4 g6 3.Nc3 Bg7 4.e4 d6 5.Nf3 O-O 6.Be2 e5 7.Be3 Ng4 8.Bg5 f6
9.Bh4 Nd7 10.O-O h5 11.dxe5 dxe5 12.Qd5+ Kh8 13.Rad1 Qe7 14.h3 Nh6 15.Qa5 c6
16.b4 b6 17.Qa4 Bb7 18.b5 Nc5 19.Qb4 Nf7 20.bxc6 Bxc6 21.Nd5 Bxd5 22.Rxd5 Rad8
23.Nd2 Nd6 24.f3 Ne6 25.Nb3 Nf4 26.Rd2 Nf5 27.Qxe7 Nxe7 28.Rb2 Nc6 29.Rfb1 Nxe2+
30.Rxe2 Nd4 31.Reb2 Rc8 32.Nxd4 exd4 33.Rb4 f5 34.exf5 Rxf5 35.Ra4 Rf7 36.Bf2 Rfc7
37.Kf1 Rxc4 38.Rxa7 Rc1+ 39.Rxc1 Rxc1+ 40.Ke2 Rc2+ 41.Kf1 Rc1+ 42.Ke2 Rc2+
43.Kf1 Rc1+  1/2-1/2

[Event "ch-USA"]
[Site "Stillwater USA"]
[Date "2007.05.15"]
[Round "1"]
[White "Gurevich,D"]
[Black "Zenyuk,I"]
[Result "1-0"]
[WhiteElo "2518"]
[BlackElo "2177"]

1.d4 Nf6 2.c4 g6 3.Nc3 Bg7 4.e4 d6 5.Nf3 O-O 6.Be2 e5 7.Be3 Ng4 8.Bg5 f6
9.Bh4 g5 10.Bg3 Nh6 11.d5 Nd7 12.h4 g4 13.Nd2 f5 14.exf5 Nxf5 15.Bxg4 Nxg3
16.fxg3 Nc5 17.Bxc8 Qxc8 18.Nde4 Nxe4 19.Nxe4 Qf5 20.Qe2 h5 21.Rf1 Qg6 22.O-O-O Bh6+
23.Kc2 Kg7 24.Kd3 a5 25.Rxf8 Rxf8 26.Rf1 Rxf1 27.Qxf1 b6 28.Qf3 Bc1 29.Kc2 Bh6
30.b3 Kg8 31.Kd3 Bg7 32.Ke2 Kh8 33.Kf2 Kg8 34.Ng5 Bh6 35.Qe4 Qf6+ 36.Nf3 Qg7
37.Qf5 Qf7 38.Qxf7+ Kxf7 39.g4 hxg4 40.Nh2 g3+ 41.Kxg3 Bf4+ 42.Kh3 e4 43.g3  1-0

[Event "25th Liechtenstein Open"]
[Site "Triesen LIE"]
[Date "2007.05.15"]
[Round "5"]
[White "Pavlovic,Milos"]
[Black "Heinig,Wo"]
[Result "1-0"]
[WhiteElo "2534"]
[BlackElo "2360"]

1.Nf3 Nf6 2.c4 g6 3.Nc3 Bg7 4.e4 d6 5.d4 O-O 6.Be2 e5 7.O-O Na6 8.Be3 exd4
9.Nxd4 Re8 10.f3 c6 11.Qd2 d5 12.cxd5 cxd5 13.Bxa6 bxa6 14.e5 Nd7 15.f4 Nb6
16.b3 f6 17.Kh1 Bd7 18.Nf3 Be6 19.Bd4 Nd7 20.Rae1 fxe5 21.Nxe5 Nf6 22.h3 Rc8
23.Nf3 Nh5 24.Kh2 Qc7 25.Bxg7 Qxg7 26.Re5 Qf6 27.Ng5 Rcd8 28.Nxe6 Rxe6 29.Nxd5 Qf7
30.Ne7+ Kg7 31.Qxd8 Rxe5 32.Qd4 Nxf4 33.Qxe5+  1-0

[Event "25th Liechtenstein Open"]
[Site "Triesen LIE"]
[Date "2007.05.16"]
[Round "6"]
[White "Bezler,R"]
[Black "Van der Weide,K"]
[Result "1/2-1/2"]
[WhiteElo "2216"]
[BlackElo "2502"]

1.d4 Nf6 2.c4 g6 3.Nc3 Bg7 4.e4 d6 5.Nf3 O-O 6.Be2 Na6 7.O-O e5 8.d5 Nc5
9.Qc2 a5 10.Bg5 h6 11.Bh4 g5 12.Bg3 Nh5 13.Nd2 Nf4 14.Rfe1 f5 15.exf5 Bxf5
16.Nde4 Qe8 17.f3 Qg6 18.Bd1 h5 19.Bf2 b6 20.Bxc5 bxc5 21.g4 hxg4 22.fxg4 Bxe4
23.Nxe4 Qh6 24.Qc3 Ng6 25.a4 Rf4 26.Ra3 Rb8 27.Rb3 Rb4 28.Rxb4 cxb4 29.Qe3 Nf8
30.Ng3 Rxc4 31.Ne4 Nh7 32.Rf1 Qg6 33.Rf5 Nf6 34.Nxf6+ Bxf6 35.h3 e4 36.Qd2 Kg7
37.Kg2 Qh6 38.Bb3 Rd4 39.Qc1 Kg6 40.Bc2 Qf8 41.Qe3 Qe7 42.b3 Bg7 43.Bb1 Bh8
44.Bc2 Bg7 45.Bb1 Bh8 46.Bc2  1/2-1/2

[Event "Stuttgarter Stadtmeisterschaft"]
[Site "Gerlingen GER"]
[Date "2007.05.17"]
[Round "2"]
[White "Savchenko,S"]
[Black "Szenetra,W"]
[Result "1-0"]
[WhiteElo "2545"]
[BlackElo "2158"]

1.d4 d6 2.Nf3 Nf6 3.c4 Nbd7 4.Nc3 g6 5.e4 e5 6.Be2 Bg7 7.O-O O-O 8.Be3 h6
9.dxe5 dxe5 10.Nd2 a5 11.Qc2 b6 12.Rfd1 Ba6 13.Nb3 Qe7 14.Nd5 Nxd5 15.cxd5 Bxe2
16.Qxe2 f5 17.Rac1 a4 18.Na1 Ra7 19.Rc6 f4 20.Bd2 g5  1-0

[Event "ch-UZB"]
[Site "Tashkent UZB"]
[Date "2007.05.17"]
[Round "7"]
[White "Gareev,T"]
[Black "Kasyan,A"]
[Result "1-0"]
[WhiteElo "2551"]
[BlackElo "2267"]

1.d4 Nf6 2.Nf3 g6 3.c4 Bg7 4.Nc3 O-O 5.e4 d6 6.Be2 e5 7.d5 a5 8.Bg5 h6 9.Bh4 Qe8
10.Nd2 Na6 11.Rb1 Bd7 12.b3 Nc5 13.O-O Nh7 14.f3 h5 15.Qc2 Bh6 16.a3 Be3+
17.Kh1 g5 18.Bf2 Bxf2 19.Rxf2 f5 20.b4 axb4 21.axb4 Na4 22.exf5 Nxc3 23.Qxc3 Bxf5
24.Rbf1 Nf6 25.Qb3 Qa4 26.Qe3 Nh7 27.Ne4 Qxb4 28.Bd3 Ra3 29.Qe2 Qb3 30.Bb1 Qe3
31.Qb2 Rb3 32.Qa2 Ra3 33.Qb2 Rb3 34.Qa2 Nf6 35.Re2 Qb6 36.Nxf6+ Rxf6 37.Bxf5 Rxf5
38.Qc2 Rf6 39.c5 Qb5 40.cxd6 cxd6 41.Qd2 Rf5 42.Qc2 Qd3 43.Qc8+ Kg7 44.Ree1 Rf7
45.Rc1 Qf5 46.Qb8 Qf6 47.Rc8 Rf8 48.Rc7+ Rf7 49.Rxf7+ Kxf7 50.Qc7+ Qe7 51.Qc2 Rb5
52.Qh7+ Ke8 53.Qxh5+ Kd8 54.Qg6 Kc7 55.Rd1 Rc5 56.h3 Kb8 57.Ra1 Rc8 58.Kh2 Rf8
59.Ra4 Rf4 60.Ra3 Rf8 61.Qd3 Qf6 62.Ra4 Qe7 63.Qa3 Kc7 64.Ra7 Rb8 65.Qa5+ Kc8
66.Qc3+ Qc7 67.Qd3 Qe7 68.Qg6 Kc7 69.Qc2+ Kd8 70.Qb1 Qf7 71.Qb6+ Qc7 72.Qe3 Qe7
73.Ra4 Kd7 74.Rg4 Rg8 75.Qd3 Kc7 76.Qf5 Kb8 77.Kg1 Rg7 78.Kf2 Qd8 79.Qe6 Qb6+
80.Kg3 Qd8 81.Kh2 Qf8 82.Rc4 Rc7 83.Rg4 Rg7 84.Rb4 Rc7 85.Qg6 Rg7 86.Qd3 Qc8
87.Rc4 Rc7 88.Rg4 Rg7 89.h4 Qh8 90.Qa3 Qf8 91.Ra4 Kc7 92.Qc3+ Kd7 93.Rb4 Qc8
94.Rc4 Qd8 95.Qc2 Ke7 96.Rc7+ Kf6 97.hxg5+ Rxg5 98.g4 Qg8 99.Qe4 Qg6 100.Qb4 Qh6+  1-0

[Event "25th Liechtenstein Open"]
[Site "Triesen LIE"]
[Date "2007.05.18"]
[Round "8"]
[White "Lacrosse,M"]
[Black "Arakhamia,K"]
[Result "0-1"]
[WhiteElo "2313"]
[BlackElo "2435"]

1.d4 Nf6 2.c4 g6 3.Nc3 Bg7 4.e4 d6 5.Nf3 O-O 6.Be2 Na6 7.O-O e5 8.Be3 Ng4
9.Bg5 Qe8 10.dxe5 dxe5 11.h3 h6 12.Bc1 Nf6 13.Be3 Qe7 14.a3 c6 15.b4 Nh5
16.Re1 Nf4 17.Bf1 Rd8 18.Qc2 Ne6 19.Rad1 Nd4 20.Bxd4 exd4 21.Ne2 c5 22.b5 Nc7
23.Nf4 b6 24.Bd3 Bb7 25.Nd5 Qd7 26.Re2 Ne6 27.Qd2 g5 28.g3 Nf8 29.Kh2 Ng6
30.Ng1 Qd6 31.Rde1 a6 32.a4 axb5 33.axb5 Ra3 34.Nf3 Be5 35.Kg2 Kg7 36.Rd1 Rda8
37.Qb2 f6 38.Ne1 Qe6 39.Nf3 Bc8 40.Ng1 Qd6 41.Qc2 Be6 42.Kh2 h5 43.Kh1 h4  0-1

[Event "XXXVII Bosnia GMB"]
[Site "Sarajevo BIH"]
[Date "2007.05.19"]
[Round "1"]
[White "Atalik,S"]
[Black "Runic,Z"]
[Result "1-0"]
[WhiteElo "2584"]
[BlackElo "2414"]

1.d4 Nf6 2.c4 g6 3.Nc3 Bg7 4.e4 d6 5.Nf3 O-O 6.Be2 e5 7.O-O Nh5 8.g3 Bh3
9.Re1 exd4 10.Nxd4 Nf6 11.Bg5 h6 12.Be3 Re8 13.f3 Nbd7 14.Qd2 h5 15.Nd1 Ne5
16.Nf2 Bd7 17.Kg2 Nh7 18.Rac1 a6 19.b4 Qe7 20.c5 dxc5 21.bxc5 Rad8 22.Qc2 Nc6
23.Nxc6 Bxc6 24.Bc4 Bd4 25.Bxd4 Rxd4 26.Qc3 Red8 27.Bd5 Ra4 28.Rcd1 Bxd5
29.exd5 Qf6 30.Qb3 Ra5 31.Ne4 Qf5 32.d6 cxd6 33.Nxd6 Qf6 34.Ne8 Rxe8 35.Rxe8+ Kg7
36.Rd6 Qa1 37.Re2 Rxc5 38.Rd7 Qf6 39.Ree7 Ng5 40.h4 Rc3 41.Qd1 Ne6 42.Rxb7 Nd8
43.Rbd7 Rc6 44.Kf2 Rb6 45.Qd4 Qxd4+ 46.Rxd4 Kf6 47.Ra7  1-0

[Event "16th TCh-CRO"]
[Site "Sibenik CRO"]
[Date "2007.05.19"]
[Round "3"]
[White "Jovanic,O"]
[Black "Zelenika,S"]
[Result "1-0"]
[WhiteElo "2488"]
[BlackElo "2296"]

1.d4 Nf6 2.c4 g6 3.Nc3 Bg7 4.e4 d6 5.Nf3 O-O 6.Be2 e5 7.Be3 exd4 8.Nxd4 Re8
9.f3 c6 10.Bf2 d5 11.exd5 cxd5 12.c5 Nc6 13.O-O Nh5 14.Qd2 Be5 15.g3 Ng7
16.Rfd1 a6 17.Bf1 Be6 18.Nce2 g5 19.Nxc6 bxc6 20.Bd4 f6 21.f4 Bc7 22.Qc3 Nh5
23.Qf3 g4 24.Qc3 Bf5 25.Bf2 Qd7 26.Nd4 Be4 27.b4 Reb8 28.a4 Ng7 29.b5 axb5
30.axb5 cxb5 31.Rxa8 Rxa8 32.Nxb5 Ne8 33.Ra1 Rxa1 34.Qxa1 Bd8 35.Qa6 Qe7
36.Qc8 h5 37.Nd4 Bc7 38.Bb5 Bg6 39.f5 Bf7 40.Ne6 Be5 41.Nd8 Kf8 42.Nxf7 Kxf7
43.Qa8 Nc7 44.Qc6 Nxb5 45.Qxb5 Bc7 46.Qc6 Qe5 47.Qd7+ Kg8 48.c6 Qa1+ 49.Kg2 Qe5
50.Qe6+ Kg7 51.Be3 Qb2+  1-0

[Event "25th Liechtenstein Open"]
[Site "Triesen LIE"]
[Date "2007.05.19"]
[Round "9"]
[White "Nguyen Chi Minh"]
[Black "Likavsky,T"]
[Result "0-1"]
[WhiteElo "2345"]
[BlackElo "2485"]

1.d4 Nf6 2.c4 d6 3.Nc3 Nbd7 4.Nf3 g6 5.e4 e5 6.Be2 Bg7 7.O-O O-O 8.Qc2 c6
9.Rd1 Qe7 10.Rb1 h6 11.b4 Nh7 12.d5 c5 13.bxc5 Nxc5 14.Be3 b6 15.Bxc5 bxc5
16.Qa4 Nf6 17.Rd2 Nxe4 18.Nxe4 f5 19.Nxd6 Qxd6 20.Qc6 Qxc6 21.dxc6 e4 22.Nh4 Kf7
23.Rd6 Bf6 24.g3 Rd8 25.Rd5 Be7 26.Kg2 Kf6 27.Kf1 Ba6 28.Ng2 Rac8 29.f3 Rxc6
30.fxe4 fxe4 31.Ne3 Kg7 32.Rxd8 Bxd8 33.Nd5 Bf6 34.Rb8 Rc8 35.Rb3 Bd4 36.Ke1 Rc6
37.Rb8 h5 38.Ra8 Kh6 39.h4 Bc8 40.Ne7 Bb7 41.Rxa7 Rb6 42.a4 Be5 43.Kf2 Rb3
44.Bd1 Bxg3+ 45.Kg2 e3+ 46.Nd5 Bxh4 47.a5 Rb2+ 48.Kf3 Bg5 49.a6 Rf2+ 50.Ke4 e2
51.Bxe2 Rxe2+ 52.Kf3 Re3+ 53.Kf2 Bxd5 54.cxd5 Ra3 55.d6 c4 56.Ke2 Ra2+  0-1

[Event "3rd UKR Games Men"]
[Site "Evpatoria UKR"]
[Date "2007.05.21"]
[Round "1"]
[White "Khodotov,J"]
[Black "Vovk,A"]
[Result "0-1"]
[WhiteElo "2275"]
[BlackElo "2484"]

1.d4 Nf6 2.c4 g6 3.Nc3 Bg7 4.e4 d6 5.Be2 O-O 6.Nf3 e5 7.O-O Na6 8.Re1 c6
9.h3 Nh5 10.dxe5 dxe5 11.Qxd8 Rxd8 12.Be3 Nf4 13.Red1 Nxe2+ 14.Nxe2 Be6 15.Rxd8+ Rxd8
16.Bxa7 Bxc4 17.Nc3 Ra8 18.Bb6 f6 19.Rd1 Be6 20.a3 Bf8 21.Rd8 Rxd8 22.Bxd8 Kf7
23.b4 Bh6 24.b5 cxb5 25.Nxb5 Bf8 26.a4 Bd7 27.Nc3 Bc6 28.a5 Ke6 29.Nd5 Bxd5
30.exd5+ Kxd5 31.Bxf6 e4 32.Ng5 h5 33.Bd8 Nb4 34.h4 Bc5 35.Kf1 Nc6 36.Bc7 Bb4
37.Nh3 Ke6 38.Nf4+ Kf5 39.Nd5 Bxa5 40.Bxa5 Nxa5 41.Ne7+ Kf6 42.Nd5+ Ke6 43.Nc3 Ke5
44.Ke2 Nc4 45.g3 Nd6 46.f3 Kd4 47.Nd1 Nf5 48.g4 hxg4 49.fxg4 Nxh4 50.Ne3 Nf3
51.Nc2+ Kc3 52.Ne3 Nd4+ 53.Kf2 Nc2 54.Nd5+ Kd2  0-1

[Event "16th TCh-CRO"]
[Site "Sibenik CRO"]
[Date "2007.05.21"]
[Round "5"]
[White "Mabic,G"]
[Black "Grgurevic,B"]
[Result "0-1"]
[WhiteElo "2123"]
[BlackElo "2201"]

1.d4 Nf6 2.Nf3 g6 3.c4 Bg7 4.Nc3 d6 5.e4 O-O 6.Be2 e5 7.d5 Nbd7 8.Bg5 h6
9.Bh4 g5 10.Bg3 Nh5 11.h4 g4 12.Nh2 Nxg3 13.fxg3 h5 14.O-O f5 15.exf5 Nc5
16.b4 e4 17.Rc1 Nd3 18.Bxd3 exd3 19.Qxd3 Qf6 20.Nb5 Rf7 21.c5 a6 22.cxd6 axb5
23.dxc7 Qd4+ 24.Qxd4 Bxd4+ 25.Kh1 Be5 26.Rfe1 Rxc7 27.Rcd1 Bd6 28.Re8+ Kg7
29.Nf1 Ra3 30.Nd2 Bxf5 31.Rf1 Bd3 32.Rg1 Bxg3 33.Nb3 Rd7 34.Re3 Bf2 35.Rxd3 Bxg1
36.Kxg1 b6 37.Rd2 Ra4 38.Nd4 Rxb4 39.Ne6+ Kf6 40.g3 Ke5 41.Nf4 Rxf4 42.gxf4+ Kxf4
43.d6 Ke5 44.Rb2 Rxd6 45.Rxb5+ Kf4 46.Rxh5 Kg3 47.Kf1 Kh2 48.Rb5 Rf6+ 49.Ke2 g3  0-1

[Event "ch-USA"]
[Site "Stillwater USA"]
[Date "2007.05.21"]
[Round "7"]
[White "Bonin,J"]
[Black "Airapetian,C"]
[Result "1-0"]
[WhiteElo "2352"]
[BlackElo "2180"]

1.d4 Nf6 2.Nf3 d6 3.c4 g6 4.Nc3 Bg7 5.e4 O-O 6.Be2 e5 7.O-O Na6 8.Rb1 exd4
9.Nxd4 Nc5 10.f3 a5 11.Ndb5 Ne8 12.Be3 b6 13.Qd2 Bb7 14.Rfd1 f5 15.exf5 Rxf5
16.b3 Qe7 17.a3 Be5 18.Nd4 Rf8 19.f4 Bg7 20.Nd5 Bxd5 21.cxd5 Nf6 22.Re1 Kh8
23.Bf3 Rae8 24.b4 axb4 25.axb4 Nce4 26.Bxe4 Qxe4 27.Ne6 Qxd5 28.Nxf8 Rxf8
29.b5 Qxd2 30.Bxd2 Nd5 31.g3 Bd4+ 32.Kg2 g5 33.fxg5 Rf2+ 34.Kh3 Rxd2 35.Rbd1 Bc3
36.Rxd2 Bxd2 37.Rd1 Nc3 38.Rxd2 Nxb5 39.Kg4 Kg7 40.h4 Nc3 41.h5 b5 42.Kf5 d5
43.Ke6 c6 44.Rf2 Ne4 45.Rf7+ Kg8 46.Rc7 Nxg5+ 47.Kf5 Ne4 48.h6 Kf8 49.Rxh7  1-0

[Event "50th TCh-SRB Cup"]
[Site "Mataruska Banja SRB"]
[Date "2007.05.22"]
[Round "2"]
[White "Sandic,V"]
[Black "Bogic,S"]
[Result "1-0"]
[WhiteElo "2326"]
[BlackElo "2270"]

1.d4 Nf6 2.c4 d6 3.Nc3 Nbd7 4.Nf3 g6 5.e4 e5 6.Be2 Bg7 7.O-O O-O 8.Re1 c6
9.Bf1 Ng4 10.d5 c5 11.h3 Nh6 12.Ng5 Kh8 13.Be3 Ng8 14.Nf3 h6 15.Nh2 f5 16.exf5 gxf5
17.f4 a6 18.g3 Qe8 19.Nf3 exf4 20.Bxf4 Ne5 21.Qe2 Nxf3+ 22.Qxf3 Qg6 23.Bd3 Bd7
24.Re2 Rae8 25.Rae1 Rxe2 26.Rxe2 Re8 27.Rxe8 Bxe8 28.Kh2 Bd7 29.Qe2 Bf8 30.g4 Nf6
31.Qc2 b5 32.cxb5 axb5 33.Bxf5 Bxf5 34.Qxf5 Qxf5 35.gxf5 b4 36.Nb5 Nxd5 37.Bxd6 Bxd6+
38.Nxd6 Ne3 39.Kg3 Kg7 40.Kf4 Nd1 41.Nc4 Nf2 42.h4 Kf6 43.a4 bxa3 44.bxa3 h5
45.Ne3 Nd3+ 46.Ke4 Nf2+ 47.Kf3 Nd3 48.a4 Ke5 49.a5 Nb4 50.Ke2 Kd6 51.Kd2 Kc6
52.Kc3 Na6 53.f6 Kd6 54.Kc4 Nc7 55.f7 Ne6 56.Nf5+ Kc6 57.Ne7+ Kd7 58.Ng6  1-0

[Event "3rd UKR Games Men"]
[Site "Evpatoria UKR"]
[Date "2007.05.23"]
[Round "5"]
[White "Gutman,G"]
[Black "Korobov,A"]
[Result "1/2-1/2"]
[WhiteElo "2490"]
[BlackElo "2531"]

1.d4 Nf6 2.Nf3 g6 3.c4 Bg7 4.Nc3 d6 5.e4 O-O 6.Be2 e5 7.Be3 Ng4 8.Bg5 f6
9.Bh4 Nc6 10.d5 Ne7 11.Nd2 Nh6 12.O-O g5 13.Bg3 Ng6 14.Re1 Nf4 15.Bf1 f5
16.exf5 Nxf5 17.Nde4 b6 18.f3 Bd7 19.Bf2 h5 20.a4 g4 21.fxg4 hxg4 22.a5 Nd4
23.Ne2 Nfxe2+  1/2-1/2

[Event "Capo d'Orso"]
[Site "Porto Mannu PAL"]
[Date "2007.05.23"]
[Round "6"]
[White "Naumkin,I"]
[Black "Zoldan,M"]
[Result "1-0"]
[WhiteElo "2497"]
[BlackElo "2121"]

1.d4 Nf6 2.c4 g6 3.Nc3 Bg7 4.e4 d6 5.Nf3 O-O 6.Be2 Na6 7.O-O e5 8.Re1 c6
9.Be3 Ng4 10.Bg5 f6 11.Bc1 Qe7 12.h3 Nh6 13.c5 exd4 14.cxd6 Qxd6 15.Nxd4 Nf7
16.Be3 Re8 17.Bc4 b5 18.Bb3 Nc7 19.e5 Rxe5 20.Nf3 Be6 21.Nxe5 fxe5 22.Ne4 Qe7
23.Bc5 Qe8 24.Bxe6 Nxe6 25.a4 Rd8 26.Qb3 a6 27.axb5 axb5 28.Ra7 Rd5 29.Rea1 Kh8
30.Re7 Qc8 31.Rxe6 Qxe6 32.Ra8+ Bf8 33.Bxf8 h5 34.Be7+ Kh7 35.Nf6+  1-0

[Event "3rd UKR Games Women"]
[Site "Evpatoria UKR"]
[Date "2007.05.25"]
[Round "7"]
[White "Gorbatenko,K"]
[Black "Matjushina,Z"]
[Result "1-0"]
[WhiteElo "2082"]
[BlackElo "2179"]

1.Nf3 Nf6 2.c4 g6 3.d4 Bg7 4.Nc3 d6 5.e4 O-O 6.Be2 e5 7.d5 a5 8.Bg5 h6 9.Bh4 Na6
10.Nd2 Qe8 11.O-O Nh7 12.a3 Bd7 13.Rb1 a4 14.Nb5 Bxb5 15.cxb5 Nc5 16.f3 b6
17.Qc1 f5 18.exf5 gxf5 19.b4 axb3 20.Nxb3 Nf6 21.Nxc5 bxc5 22.Bc4 Nd7 23.Be1 Nb6
24.Ba2 Ra4 25.Bb3 Ra7 26.Bd2 Qxb5 27.Bxh6 Qd7 28.Bxg7 Qxg7 29.a4 Nxa4 30.Ra1 Rfa8
31.Qc2 Qd7 32.g4 Nb6 33.Rxa7 Rxa7 34.gxf5 Kf7 35.Qe4 Ra8 36.f4 Rg8+ 37.Kh1 Rg4
38.Bd1 Rxf4 39.Bh5+ Kf8 40.Rxf4 exf4 41.f6 c4 42.Qg6 Nxd5 43.f7  1-0

[Event "50th TCh-SRB Cup"]
[Site "Mataruska Banja SRB"]
[Date "2007.05.26"]
[Round "6"]
[White "Nikolic,G"]
[Black "Martic,I"]
[Result "0-1"]
[WhiteElo "2284"]
[BlackElo "2283"]

1.d4 Nf6 2.c4 g6 3.Nc3 Bg7 4.e4 d6 5.Nf3 O-O 6.Be2 e5 7.Be3 Nbd7 8.O-O h6
9.dxe5 dxe5 10.h3 c6 11.b4 Qe7 12.Qb3 Nh7 13.c5 Kh8 14.Nd2 f5 15.exf5 gxf5
16.f4 a5 17.Nc4 axb4 18.Qxb4 exf4 19.Rxf4 b5 20.Re1 bxc4 21.Bxc4 Ne5 22.Na4 Nxc4
23.Rxc4 Ng5 24.Bf4 Qf7 25.Bd6 Re8 26.Rcc1 Be6 27.a3 Qg6 28.Kh2 Ne4 29.Bf4 Rad8
30.Red1 Nf2 31.Rxd8 Rxd8 32.Qb6 Rd3 33.Rf1 Nxh3 34.gxh3 Qh5 35.Bg3 Rd2+ 36.Rf2 f4
37.Rxd2 Qxh3+ 38.Kg1 Qxg3+  0-1

[Event "1st Open"]
[Site "Thun SUI"]
[Date "2007.05.27"]
[Round "4"]
[White "Wirz,H"]
[Black "Gerber,R"]
[Result "0-1"]
[WhiteElo "2148"]
[BlackElo "2368"]

1.d4 g6 2.c4 Bg7 3.Nc3 Nf6 4.e4 d6 5.Nf3 O-O 6.Be2 e5 7.O-O Na6 8.Bg5 h6
9.Bxf6 Qxf6 10.dxe5 dxe5 11.Nd5 Qd8 12.Nd2 c6 13.Ne3 Qd4 14.Qc1 Be6 15.Rd1 Rad8
16.Nc2 Qb6 17.b4 Nxb4 18.Rb1 Nxa2 19.Qa3 Qa6 20.Qb2 Qa5 21.Nb3 Qc3 22.Qxa2 Bxc4
23.Bxc4 Qxc4 24.Ne3 Rxd1+ 25.Rxd1 Qe6 26.Qc2 Rb8 27.Nc5 Qe8 28.Qa4 a6 29.Rb1 Qc8
30.Nc4 Bf8 31.Nb6 Qc7 32.Nbd7 Rd8 33.Nxf8 Kxf8 34.h3 Kg7 35.Qc2 Rd4 36.Na4 b5
37.Nc3 Qd6 38.Rd1 Qc5 39.Qb3 Rxd1+ 40.Nxd1 a5 41.Kf1 a4 42.Qb2 b4 43.Ne3 a3
44.Qc2 Qb5+  0-1

[Event "XXII Felix Cup"]
[Site "Felix Spa ROM"]
[Date "2007.05.29"]
[Round "7"]
[White "Jevtic,S"]
[Black "Csomos,J"]
[Result "1-0"]
[WhiteElo "2154"]
[BlackElo "2016"]

1.d4 Nf6 2.Nf3 g6 3.c4 Bg7 4.Nc3 d6 5.e4 Nbd7 6.Be2 e5 7.O-O O-O 8.Be3 Qe7
9.Qc2 b6 10.d5 a5 11.a3 Ng4 12.Bg5 f6 13.Bh4 g5 14.Bg3 Ba6 15.Nd2 Nh6 16.Bd3 Nc5
17.b4 Nxd3 18.Qxd3 Bc8 19.f3 Bd7 20.Bf2 Nf7 21.g4 Nh8 22.Ne2 Ng6 23.c5 bxc5
24.bxc5 Rfb8 25.c6 Bc8 26.Rfb1 Rxb1+ 27.Rxb1 Ba6 28.Nc4 Qd8 29.Qb3 h5 30.h3 Kf7
31.Kg2 Qh8 32.Bg3 Qh7 33.Kf2 hxg4 34.hxg4 Nf4 35.Ke3 Nxd5+ 36.Kd2 Ke7 37.Nxd6 cxd6
38.Qxd5 Qh3 39.Rb6 Qh1 40.Rxa6 Rxa6 41.c7 Qh8 42.Qb7  1-0

[Event "XXII Felix Cup"]
[Site "Felix Spa ROM"]
[Date "2007.05.29"]
[Round "7"]
[White "Milosevic,A"]
[Black "Chiru,I"]
[Result "1/2-1/2"]
[WhiteElo "2286"]
[BlackElo "2115"]

1.Nf3 g6 2.d4 Bg7 3.c4 d6 4.Nc3 Nf6 5.e4 O-O 6.Be2 e5 7.Be3 Nc6 8.d5 Ne7
9.Nd2 Ne8 10.O-O f5 11.f3 f4 12.Bf2 g5 13.c5 Ng6 14.a4 h5 15.c6 bxc6 16.dxc6 Nf6
17.Nd5 Be6 18.Nxf6+ Qxf6 19.b4 Kh8 20.Ra3 Ne7 21.b5 Qg6 22.h3 Ng8 23.Qc2 Nh6
24.Rc1 Bf6 25.Kf1 Be7 26.Rc3 Rg8 27.a5 g4 28.hxg4 hxg4 29.Ke1 Qh5 30.fxg4 Qh1+
31.Nf1 Qxg2 32.Bf3 Qh3 33.Be2 Qg2 34.Bf3 Qh3  1/2-1/2

[Event "ch-St Petersburg"]
[Site "St Petersburg RUS"]
[Date "2007.05.30"]
[Round "2"]
[White "Zacurdajev,M"]
[Black "Solovjov,S"]
[Result "0-1"]
[WhiteElo "2384"]
[BlackElo "2414"]

1.d4 Nf6 2.c4 g6 3.Nc3 Bg7 4.e4 d6 5.Nf3 O-O 6.Be2 e5 7.Be3 Ng4 8.Bg5 f6
9.Bc1 f5 10.exf5 Bxf5 11.Bg5 Qe8 12.Nd5 Nc6 13.h3 Nxf2 14.Kxf2 e4 15.Nh2 Bxd4+
16.Ke1 Bxb2 17.Rb1 Qe5 18.Qb3 Bd4 19.Bf4 Qg7 20.Nf1 e3 21.Rc1 Bc5 22.Bxe3 Nd4
23.Bxd4 Qxd4 24.Qe3 Qb2 25.Qd2 Qe5 26.Nxc7 Be4 27.Nxa8 Bxg2 28.Nc7 Bxh1 29.Qd3 Rxf1+
30.Kxf1 Qf4+  0-1

[Event "Doroshkevich Mem"]
[Site "Belorechensk RUS"]
[Date "2007.06.01"]
[Round "4"]
[White "Kryakvin,D"]
[Black "Demchenko,A"]
[Result "0-1"]
[WhiteElo "2539"]
[BlackElo "2431"]

1.d4 Nf6 2.c4 g6 3.Nc3 Bg7 4.e4 O-O 5.Nf3 d6 6.Be2 e5 7.d5 a5 8.Bg5 h6 9.Bh4 Na6
10.Nd2 Qe8 11.O-O Bd7 12.b3 Nh7 13.a3 h5 14.f3 Bh6 15.Kh1 Be3 16.Ra2 f5 17.exf5 gxf5
18.f4 Nf6 19.fxe5 dxe5 20.Nf3 e4 21.Nd4 Qe5 22.Ncb5 Ng4 23.Bxg4 hxg4 24.Re2 Bh6
25.Be1 c6 26.Nc3 Bg7 27.Bf2 Nc5 28.Bg1 Nd3 29.g3 Rad8 30.Qd2 cxd5 31.Nxd5 Be6
32.Qg5 Bxd5 33.Nxf5 Bc6 34.Ne7+ Qxe7 35.Qxe7 Rxf1 36.Qxd8+ Rf8 37.Qd6 e3+
38.Qxc6 bxc6 39.Rxe3 Nf2+ 40.Kg2 Nh3 41.Re4 Nxg1 42.Kxg1 Rf3 43.b4 a4 44.b5 c5
45.Rxg4 Rxa3 46.Rg6 Rc3 47.b6 Rb3  0-1

[Event "10th IHEM"]
[Site "Hamburg GER"]
[Date "2007.06.01"]
[Round "7"]
[White "Landa,K"]
[Black "Wendt,J"]
[Result "1-0"]
[WhiteElo "2608"]
[BlackElo "2342"]

1.d4 Nf6 2.c4 g6 3.Nc3 Bg7 4.e4 d6 5.Nf3 O-O 6.Be2 e5 7.O-O Na6 8.Be3 Ng4
9.Bg5 Qe8 10.c5 exd4 11.Nd5 h6 12.Bh4 g5 13.Bxa6 gxh4 14.Nxc7 Qc6 15.Nxa8 bxa6
16.cxd6 Qxd6 17.Qc1 h3 18.Qc7 Qg6 19.Qg3 hxg2 20.Rfe1 f5 21.Nh4 Qh5 22.exf5 Bxf5
23.Nc7 d3 24.h3 Bd4 25.hxg4 Bxg4 26.Re8 Bxf2+ 27.Qxf2 Qxe8 28.Nxe8  1-0